Pięć największych niepowiatowych miast każdego województwa - Statystyki

Ogólne statystyki
  • Ten quiz został rozwiązany 19 razy
  • Średni wynik to 27 z 80
Statystyki odpowiedzi
Województwo Ludność Miasto Powiat % Poprawnych
Małopolskie 18,202 Andrychów Wadowicki
67%
Lubelskie 13,998 Dęblin Rycki
60%
Małopolskie 23,919 Skawina Krakowski
60%
Mazowieckie 45,494 Ząbki Wołomiński
60%
Dolnośląskie 15,875 Bogatynia Zgorzelecki
53%
Mazowieckie 45,877 Marki Wołomiński
53%
Lubelskie 15,309 Międzyrzec Podlaski Bialski
53%
Łódzkie 22,030 Aleksandrów Łódzki Zgierski
47%
Dolnośląskie 27,874 Bielawa Dzierżoniowski
47%
Śląskie 34,686 Czechowice-Dziedzice Bielski
47%
Dolnośląskie 14,949 Jelcz-Laskowice Oławski
47%
Łódzkie 19,305 Konstantynów Łódzki Pabianicki
47%
Lubuskie 17,536 Kostrzyn nad Odrą Gorzowski
47%
Podlaskie 14,333 Łapy Białostocki
47%
Małopolskie 17,096 Niepołomice Wielicki
47%
Dolnośląskie 20,217 Nowa Ruda Kłodzki
47%
Mazowieckie 22,859 Piastów Pruszkowski
47%
Pomorskie 53,585 Rumia Wejherowski
47%
Dolnośląskie 21,760 Świebodzice Świdnicki
47%
Małopolskie 18,405 Trzebinia Chrzanowski
47%
Kujawsko-Pomorskie 10,113 Ciechocinek Aleksandrowski
40%
Śląskie 29,666 Czeladź Będziński
40%
Zachodniopomorskie 12,466 Darłowo Sławieński
40%
Łódzkie 13,022 Głowno Zgierski
40%
Lubuskie 15,495 Gubin Krośnieński
40%
Małopolskie 17,619 Kęty Oświęcimski
40%
Lubuskie 12,780 Lubsko Żarski
40%
Łódzkie 17,969 Ozorków Zgierski
40%
Lubelskie 8,173 Poniatowa Opolski
40%
Pomorskie 28,866 Reda Wejherowski
40%
Świętokrzyskie 6,083 Sędziszów Jędrzejowski
40%
Kujawsko-Pomorskie 15,182 Solec Kujawski Bydgoski
40%
Lubelskie 5,088 Terespol Bialski
40%
Pomorskie 13,574 Ustka Słupski
40%
Zachodniopomorskie 11,984 Złocieniec Drawski
40%
Zachodniopomorskie 12,878 Barlinek Myśliborski
33%
Lubelskie 5,868 Bełżyce Lubelski
33%
Świętokrzyskie 4,304 Chęciny Kielecki
33%
Podlaskie 8,512 Czarna Białostocka Białostocki
33%
Zachodniopomorskie 12,800 Dębno Myśliborski
33%
Podkarpackie 10,676 Głogów Małopolski Rzeszowski
33%
Opolskie 12,545 Głuchołazy Nyski
33%
Śląskie 35,422 Knurów Gliwicki
33%
Kujawsko-Pomorskie 10,679 Koronowo Bydgoski
33%
Wielkopolskie 32,849 Luboń Poznański
33%
Wielkopolskie 28,050 Swarzędz Poznański
33%
Podlaskie 12,790 Wasilków Białostocki
33%
Pomorskie 9,843 Czersk Chojnicki
27%
Śląskie 26,382 Czerwionka-Leszczyny Rybnicki
27%
Mazowieckie 28,512 Kobyłka Wołomiński
27%
Łódzkie 11,961 Koluszki Łódzki Wschodni
27%
Podkarpackie 10,311 Nowa Dęba Tarnobrzeski
27%
Podkarpackie 12,405 Sędziszów Małopolski Ropczycko-Sędziszowski
27%
Świętokrzyskie 7,400 Suchedniów Skarżyski
27%
Lubuskie 15,388 Sulechów Zielonogórski
27%
Wielkopolskie 16,389 Trzcianka Czarnkowsko-Trzcianecki
27%
Podkarpackie 6,338 Boguchwała Rzeszowski
20%
Kujawsko-Pomorskie 13,620 Chełmża Toruński
20%
Podlaskie 6,162 Choroszcz Białostocki
20%
Podlaskie 4,967 Dąbrowa Białostocka Sokólski
20%
Warmińsko-Mazurskie 9,256 Dobre Miasto Olsztyński
20%
Pomorskie 9,283 Miastko Bytowski
20%
Warmińsko-Mazurskie 12,654 Morąg Ostródzki
20%
Wielkopolskie 14,491 Mosina Poznański
20%
Zachodniopomorskie 15,634 Nowogard Goleniowski
20%
Śląskie 22,091 Orzesze Mikołowski
20%
Warmińsko-Mazurskie 11,658 Pasłęk Elbląski
20%
Świętokrzyskie 7,387 Połaniec Staszowski
20%
Wielkopolskie 10,734 Rogoźno Obornicki
20%
Mazowieckie 21,536 Sulejówek Miński
20%
Lubuskie 10,454 Szprotawa Żagański
20%
Kujawsko-Pomorskie 9,365 Szubin Nakielski
20%
Warmińsko-Mazurskie 9,891 Biskupiec Olsztyński
13%
Opolskie 7,856 Grodków Brzeski
13%
Warmińsko-Mazurskie 10,663 Lubawa Iławski
13%
Opolskie 7,877 Ozimek Opolski
13%
Opolskie 7,033 Praszka Oleski
13%
Podkarpackie 6,326 Rudnik nad Sanem Niżański
13%
Świętokrzyskie 5,052 Stąporków Konecki
7%
Opolskie 10,082 Zdzieszowice Krapkowicki
7%
Nie znaleziono quizów pasujących do podanych kryteriów
Rozkład punktacji
Procent ludzi z każdym wynikiem
Percentyl według liczby udzielonych odpowiedzi
Twoja historia wyników
Nie rozwiązałeś tego quizu